000 00634nam a2200229 a 4500
999 _c1249
_d1249
008 191212t2010 ii ad||g |||| 001 0 eng d
020 _a9788126536931
_cRs. 629.00
040 _aKO
_beng
041 0 _aeng
044 _aii
082 0 4 _223
_a658.1599
_bSh222
100 1 _aShapiro, Alan C.
245 1 0 _aMultinational Financial Management /
_cAlan C. Shapiro
250 _a9th ed.
260 _aNew Delhi :
_bWiley India Pvt. Ltd. ,
_c2010.
300 _axxii. 762 p. :
_bill. ;
_c24 cm.
504 _aIncludes Index.
650 0 _aInternational business enterprises
_xFinance
904 _aA_BOSE
942 _cBK